Te creo - Violetta - Statistiques

Statistiques générales
  • Ce quiz a été pris 206 fois
  • Le résultat moyen est 121 sur 151
Statistiques - réponses
Lyrics % Correct
si
98%
No
97%
no
97%
se
95%
a
94%
bien
94%
de
92%
mal
92%
te
92%
creo
91%
es
88%
mi
87%
algo
86%
en
85%
que
85%
quiero
85%
la
82%
ti
82%
me
80%
cielo
77%
ahora
72%
mientras
71%
sonar
71%
hago
70%
hoy
70%
tierra
70%
tus
70%
el
69%
soledad
69%
vivir
69%
asi
68%
pregunto
66%
ojos
65%
siento
65%
dentro
63%
las
62%
miedo
62%
brazos
61%
callar
60%
con
60%
hablo
60%
decirlo
57%
ya
56%
tengo
55%
encontre
53%
amar
51%
respuestas
51%
tan
51%
extranas
45%
esto
44%
llamas
31%
crecia
23%
Aucun quiz correspondant
Distribution des résultats
% des personnes avec chaque résultat
Percentile par nombre de réponses
Votre historique - résultats
Vous n’avez pas pris ce quiz